| 000 | 00508nam a2200169 a 4500 | ||
|---|---|---|---|
| 020 | _a8170010446 : | ||
| 082 | 0 | 0 |
_a954 _bRIX _cL-30-II, P-180 |
| 100 | 1 |
_aRikhye, Ravi, _946422 |
|
| 245 | 1 | 4 |
_aThe war that never was / _cRavi Rikhye. |
| 260 |
_aDelhi : _bChanakya Publications, _c1988. |
||
| 300 |
_aviii, 211 p. ; _c23 cm. |
||
| 500 | _aIncludes index. | ||
| 520 | _aOn Indian military strategic history, 1947-1971. | ||
| 526 |
_a0 _b0 _c0 _d954_000000000000000_RIX |
||
| 650 |
_aMCE _9379 |
||
| 942 |
_2ddc _cBK |
||
| 999 |
_c549761 _d549761 |
||